Normal view
MARC view
- Computers.
Entry Topical Term
001 - CONTROL NUMBER
- control field: 45129
003 - CONTROL NUMBER IDENTIFIER
- control field: OSt
005 - DATE AND TIME OF LATEST TRANSACTION
- control field: 20220427114923.0
008 - FIXED-LENGTH DATA ELEMENTS
- fixed length control field: 220427|| aca||aabn | a|a d
040 ## - CATALOGING SOURCE
- Original cataloging agency: OSt
- Transcribing agency: OSt
150 ## - HEADING--TOPICAL TERM
- Topical term or geographic name entry element: Computers.
670 ## - SOURCE DATA FOUND
- Source citation: Work cat.: (OSt): Low awareness in 'green PC' definition., ©2010-2011.
